000 00703nam a2200205 a 4500
008 120416s1971 ||||||||||||||||| || u
020 _a0471088404
050 _aTK 7888.3 Boo
100 _aBooth, Taylor L
245 1 0 _aDigital Networks in computer systems
260 _aNew York:
_bJohn Wiley and Sons
_c1971
300 _axiii,491p. : ill.
350 _a0.00
650 0 _aCOMPUTER NETWORKS
650 _aELECTRONIC DIGITAL COMPUTERS--CIRCUITS
650 _aNETWORKING
650 _aCOMPUTERS, DIGITAL
650 _aDIGITAL COMMUNICATIONS
995 _D0.00
_FCBU-MAIN LIBRARY (Kitwe)
_H1
_I7.65
_M1
_UDAMAGED
_ZMain Library Open Access Collection
999 _c40182
_d40182